đŸŽ¶ Paroles "Au printemps" Jacques Brel - Statistiques

Statistiques générales
  • Ce quiz a Ă©tĂ© pris 57 fois
  • Le rĂ©sultat moyen est 225 sur 304
Statistiques - réponses
Mots % Correct
Ă 
100%
Au
100%
au
100%
l'
100%
le
100%
printemps,
100%
printemps
100%
printemps.
100%
s'
100%
c'
97%
C'
97%
d'
97%
Dame
97%
Et
97%
et
97%
Les
97%
les
97%
Notre-
97%
du
94%
bon
91%
temps
91%
un
91%
une
91%
en
88%
la
88%
La
88%
mon
88%
de
84%
Se
84%
se
84%
ton
84%
coeur
81%
fleur
81%
Pour
81%
Sont
81%
blanc
78%
des
78%
Qui
78%
Tout
78%
tout
78%
nous
75%
vin
75%
ce
72%
amants
69%
aux
69%
Aux
69%
est
69%
Toute
69%
vont
69%
prier
66%
repeints
66%
sourire
66%
tous
66%
Toutes
66%
ces
63%
Ces
63%
regard
63%
bien
59%
filles
56%
ombre
56%
riant
56%
Sans
56%
mĂȘme
53%
baisers
50%
Comme
50%
encore
50%
grand
50%
Paris
50%
avoir
47%
soir
47%
soleil
47%
Vous
47%
leurs
44%
Vois
44%
amoureux
41%
année
41%
Car
41%
peu
41%
puis
41%
coeurs
38%
dernier
38%
espoir
38%
offre
38%
seule
38%
change
34%
fĂȘte
34%
pĂąturage
34%
serment
31%
appeler
28%
métro
28%
miracle
28%
nouveaux
28%
offrir
28%
village
28%
artichauts
25%
bergĂšres
25%
gentils
25%
parleront
25%
sages
25%
troupeaux
25%
changera
22%
mariages
22%
premiĂšre
22%
Terre
22%
arriver
19%
chance
19%
devait
19%
effeuillent
19%
mégots
19%
Parfois
19%
donneront
16%
enflamment
16%
espoirs
16%
Joue
16%
battant
13%
badauds
9%
bénir
9%
Aucun quiz correspondant
Distribution des résultats
% des personnes avec chaque résultat
Percentile par nombre de réponses
Votre historique - résultats
Vous n’avez pas pris ce quiz